000 00943cab a2200265 4500
001 ABS57541
008 090401t1997 xxu||||| |||| 00| 0 eng d
035 _a(Sirsi) u80301
041 _aeng
100 _aRoddewig, R.
245 _aEnvironment and the appraiser: using the cost of environmental insurance to measure contaminated property stigma
260 _c1997
350 _a0
490 _aAppraisal Journal
_v65(3) July 1997, 304-308(5)
520 _aMeasures the effect of potential stigma of contaminated land on the value of property, and whether it has an additional effect over and above the direct costs of remediation and controlling the source of contamination.
650 _aCONTAMINATED LAND
650 _aENVIRONMENTAL INSURANCE
650 _aENVIRONMENTAL RISK
650 _aPROPERTY VALUES
650 _aSTIGMA
650 _aVALUE
690 _aRATING AND VALUATION
942 _n0
948 _c18/08/1997
999 _c50565
_d50565